El palacio de la Escuela de Medicina. (Record no. 1611)
[ view plain ]
| 000 -CABECERA | |
|---|---|
| campo de control de longitud fija | 00663nam a2200205 a 4500 |
| 001 - NÚMERO DE CONTROL | |
| campo de control | BRCA_1830 |
| 005 - FECHA Y HORA DE LA ÚLTIMA TRANSACCIÓN | |
| campo de control | 20190320203552.0 |
| 008 - DATOS DE LONGITUD FIJA--INFORMACIÓN GENERAL | |
| campo de control de longitud fija | 260508s1983----mx-a---###---#000-0#spa-# |
| 050 #4 - SIGNATURA TOPOGRÁFICA DE LA BIBLIOTECA DEL CONGRESO | |
| Número de clasificación | R751.U55 |
| Número de documento/Ítem | .P35 1983 |
| 245 10 - MENCIÓN DE TÍTULO | |
| Título | El palacio de la Escuela de Medicina. |
| 260 ## - PUBLICACIÓN, DISTRIBUCIÓN, ETC. | |
| Lugar de publicación, distribución, etc. | México |
| Nombre del editor, distribuidor, etc. | UNAM |
| Fecha de publicación, distribución, etc. | 1983 |
| 300 ## - DESCRIPCIÓN FÍSICA | |
| Extensión | 167 p. |
| Otras características físicas | il. |
| Dimensiones | 35 cm. |
| 500 ## - NOTA GENERAL | |
| Nota general | Incluye índice de láminas |
| 500 ## - NOTA GENERAL | |
| Nota general | Colección Sonia Corcuera de Mancera |
| 610 24 - PUNTO DE ACCESO ADICIONAL DE MATERIA--NOMBRE DE ENTIDAD CORPORATIVA | |
| Nombre de entidad corporativa o nombre de jurisdicción como elemento de entrada | Universidad Nacional Autónoma de México |
| Unidad subordinada | Escuela de Medicina |
| Subdivisión geográfica | Ciudad de México |
| 9 (RLIN) | 5689 |
| 650 14 - PUNTO DE ACCESO ADICIONAL DE MATERIA--TÉRMINO DE MATERIA | |
| Término de materia o nombre geográfico como elemento de entrada | Medicina |
| Subdivisión general | Historia |
| Subdivisión geográfica | México |
| 9 (RLIN) | 5513 |
| 653 0# - TÉRMINO DE INDIZACIÓN--NO CONTROLADO | |
| Término no controlado | Tribunal de la Santa Inquisición |
| 902 ## - CATALOGADOR | |
| Iniciales | DSC |
| 942 ## - ELEMENTOS DE PUNTO DE ACCESO ADICIONAL (KOHA) | |
| Fuente del sistema de clasificación o colocación | Library of Congress Classification |
| Tipo de ítem Koha | Libros |
| Estado de retiro | Estado de pérdida | Estado dañado | No para préstamo | Localización permanente | Ubicación/localización actual | Fecha de adquisición | Total de préstamos | Signatura topográfica completa | Código de barras | Fecha visto por última vez | Precio válido a partir de | Tipo de ítem Koha |
|---|---|---|---|---|---|---|---|---|---|---|---|---|
| El ejemplar forma parte de la colección y puede ser consultado según las políticas vigentes. | Biblioteca del Museo Franz Mayer (Rogerio Casas-Alatriste) | Biblioteca del Museo Franz Mayer (Rogerio Casas-Alatriste) | 27/06/2008 | R751.U55 .P35 1983 | DSC00075 | 22/03/2019 | 22/03/2019 | Libros |